Ethics in information technology /
Uložené v:
| Hlavný autor: | |
|---|---|
| Médium: | Kniha |
| Jazyk: | English |
| Vydané: |
Sydney :
Course Technology,
2012.
|
| Vydanie: | 4th edit. |
| Témy: | |
| ISBN: |
9781111534103 (brož.) |
| Fyzický popis: |
xxi, 498 s. : fotogr., grafy, il. ; 23 cm. |
| Tagy: |
Pridať tag
Žiadne tagy, Buďte prvý kto otaguje tento záznam!
|
Titul je dostupný aj v ... 

MARC
| LEADER | 00000nam a22000004a 4500 | ||
|---|---|---|---|
| 001 | 000416229 | ||
| 005 | 20130723111933.0 | ||
| 008 | 130214s2012 at ado e 001 0 eng d | ||
| 020 | |a 9781111534103 (brož.) | ||
| 040 | |a SVKKK |b slo |c SVKKK |e AACR2 | ||
| 041 | 0 | |a eng | |
| 044 | |a at |c AU | ||
| 072 | 7 | |a 17 |x Etika. Morálna filozofia |2 konspekt | |
| 080 | |a 17 |2 2001 | ||
| 080 | |a 004 |2 2001 | ||
| 080 | |a (048.8) |2 2001 | ||
| 100 | 1 | |a Reynolds, George Walter, |d 1944- | |
| 245 | 1 | 0 | |a Ethics in information technology / |c George W. Reynolds. |
| 250 | |a 4th edit. | ||
| 260 | |a Sydney : |b Course Technology, |c 2012. | ||
| 300 | |a xxi, 498 s. : |b fotogr., grafy, il. ; |c 23 cm. | ||
| 500 | |a Poznámky | ||
| 500 | |a Slovník | ||
| 504 | |a Register: s. [473]-498 | ||
| 650 | 0 | 7 | |a etika |2 SVKKKPH |
| 650 | 0 | 7 | |a informačné technológie |2 SVKKKPH |
| 655 | 7 | |a monografie |2 SVKKKPH | |
| 910 | |a svkkk | ||
| 919 | |a 978-1-111-53410-3 | ||
| 998 | |a BK | ||
| 090 | |g SCKHL |k Sklad Hlavná 10 prízemie |a IV.216932 |j 1043790 |i 2720269713 |s Absenčne | ||